000 00371nam a2200145Ia 4500
008 231207s9999 xx 000 0 und d
041 _aeng
082 _a006.6/JAM
100 _aJames P.S. Jack W. Choon
245 _aC++ Program Design
250 _a2001 Ed.
260 _bTata MacGrawhill Pub, New Delhi
300 _aPB/896
650 _aComnputer Program Language
999 _c945107
_d945107